LEADER 01296nam2 22002891i 450 001 UON00080316 005 20231205102426.410 100 $a20020107f |0itac50 ba 101 $aeng 102 $aGB 105 $a|||| ||||| 200 1 $aˆLes ‰grandes époques$el'architecture religeuse et civile 210 $aP. 555-1086$cill., c. di tav. 316 $aprezzo appr.$5IT-UONSI EGIIa/011/2,2 461 1$1001UON00068113$12001 $aManuel d'archeologie egyptienne$fpar Jacques Vandier$1205 $aParis : Ed. A. et J. Picard$b1952-1969$1210 $a10 v.$cill, c. di tav. ; 23 cm$1215 $a5 tomi numerati 1,1-2, 2,1-2, 3,1-2, 4,1-2, 5,1-2$v2/2 606 $aArcheologia$xEgitto$xManuali$3UONC021729$2FI 606 $aARCHITETTURA$xEgitto antico$3UONC014387$2FI 620 $aFR$dParis$3UONL002984 676 $a722.2$cARCHITETTURA EGIZIANA ANTICA$v21 700 1$aVANDIER$bJacques$3UONV043201$0487891 712 $aPicard$3UONV252625$4650 801 $aIT$bSOL$c20250404$gRICA 899 $aSIBA - SISTEMA BIBLIOTECARIO DI ATENEO$2UONSI 912 $aUON00080316 950 $aSIBA - SISTEMA BIBLIOTECARIO DI ATENEO$dSI II a 011/2,2 $eSI AA 20188 5 011/2,2 prezzo appr. 996 $aGrandes époques$91207701 997 $aUNIOR LEADER 02009oam 2200313z- 450 001 9910149440403321 005 20230913112557.0 010 $a1-62681-915-7 010 $a1-62681-846-0 035 $a(CKB)2670000000617090 035 $a(BIP)052187514 035 $a(BIP)052292816 035 $a(Exl-AI)992670000000617090 035 $a(EXLCZ)992670000000617090 100 $a20161114cuuuuuuuu -u- - 101 0 $aeng 200 10$aCircuit 210 $cDiversion Books 215 $a1 online resource (276 p.) 330 8 $aA hard-charging opener to a promising, if bloody, space-opera series. --KIRKUS Centuries after Earth was rendered an uninhabitable wasteland, humanity was forced from its homeworld and founded the Kepler Circuit, a string of colonies throughout the solar system. These settlements provide resources to the remnants of humankind, the most important resource being the newly discovered element--Gravitum--found only in the Earth's unstable mantle. But a powerful religious faction known as the New Earth Tribunal has risen to preside over most of the Circuit. Though there is barely a faction left to challenge them, a string of attacks on the Tribunal's freighters causes them to suspect their mortal enemies, the Ceresians, of foul play. Tasked with solving the problem is Sage Volus: Tribunal Executor. Spy. Sage quickly infiltrates the ranks of a roguish, Ceresian mercenary named Talon Rayne, seeking to discover the truth behind the attacks, but the longer she works amidst Talon and his squad, the more she finds her faith in the Tribunal tested. While her quest for answers only unearths more questions, a new threat is on the rise, and it plans to bring down the Tribune once and for all. 606 $aSpace colonies$7Generated by AI 606 $aEspionage$7Generated by AI 615 0$aSpace colonies 615 0$aEspionage 700 $aBruno$b Rhett C.$01247755 906 $aBOOK 912 $a9910149440403321 996 $aCircuit$93593453 997 $aUNINA